| 000 | 01175cab a2200277 4500 | ||
|---|---|---|---|
| 001 | ABS37253 | ||
| 008 | 090401t1986 xxu||||| |||| 00| 0 eng d | ||
| 035 | _a(Sirsi) u3263 | ||
| 041 | _aeng | ||
| 100 | _aSirmans, C. F. | ||
| 245 | _aIncome property valuation and the use of market extracted overall capitalisation rates | ||
| 260 | _c1986 | ||
| 350 | _a0 | ||
| 490 |
_aReal Estate Appraiser and Analyst _v52(2) Summer 1986,64-68(5) |
||
| 520 | _aPresents the results of a study undertaken in the USA, for the period 1963-1975,in which variations in the net income and sales prices of 137 blocks of residential flats in Chicago ,Illinois were analysed. This was an attempt to determine the validity of using market extracted overall rates of return as appraisal methods for estimating the value of income-producing property. Extensive calculations.Tables,references. | ||
| 650 | _aCAPITALISATION RATES | ||
| 650 | _aINCOME APPROACH | ||
| 650 | _aREGRESSION ANALYSIS | ||
| 650 | _aUNITED STATES | ||
| 650 | _aVALUATION METHODS | ||
| 690 | _aRATING AND VALUATION | ||
| 700 | _aSirmans, G.S. | ||
| 700 | _aBeasley, B.T. | ||
| 942 | _n0 | ||
| 948 | _c04/03/1997 | ||
| 999 |
_c1994 _d1994 |
||